| 000 | 00887cam a22002773a 4500 | ||
|---|---|---|---|
| 001 | 1727 | ||
| 003 | PGUSA | ||
| 005 | 20140828083005.0 | ||
| 008 | 990401s1999||||xxu|||||s|||||000 p eng d | ||
| 040 |
_aPGUSA _beng |
||
| 042 | _adc | ||
| 050 | 4 | _aPA | |
| 100 | 1 |
_aHomer, _d-750--650 |
|
| 245 | 1 | 4 |
_aThe Odyssey : _bRendered into English prose for the use of those who cannot read the original _h[electronic resource] / _cHomer |
| 260 |
_bProject Gutenberg, _c1999 |
||
| 500 | _aSee also PG#1728 and PG#3160 | ||
| 506 | _aPublic domain in the USA. | ||
| 516 | _aElectronic text | ||
| 653 | _aOdysseus (Greek mythology) | ||
| 653 | _aEpic poetry, Greek -- Translations into English | ||
| 653 | _aHomer -- Translations into English | ||
| 700 | 1 |
_aButler, Samuel, _d1835-1902 |
|
| 830 | 0 |
_aProject Gutenberg _v1727 |
|
| 856 | 4 | 0 | _uhttp://www.gutenberg.org/ebooks/1727 |
| 942 | _cEB | ||
| 999 |
_c231073 _d231073 |
||